Diffusion in elastomers (1964 reviews) (Record no. 57199)

MARC details
000 -LEADER
fixed length control field 00378nam a2200145Ia 4500
100 ## - MAIN ENTRY--AUTHOR NAME
Personal name Van Amerongen G J
245 #0 - TITLE STATEMENT
Title Diffusion in elastomers (1964 reviews)
260 ## - PUBLICATION, DISTRIBUTION, ETC. (IMPRINT)
Name of publisher Rubber Chemistry and Technology
Year of publication 1964
300 ## - PHYSICAL DESCRIPTION
Number of Pages 1065-1152
650 ## - SUBJECT ADDED ENTRY--TOPICAL TERM
Topical Term 1964 reviews
650 ## - SUBJECT ADDED ENTRY--TOPICAL TERM
Topical Term Diffusion
650 ## - SUBJECT ADDED ENTRY--TOPICAL TERM
Topical Term Elastomers
942 ## - ADDED ENTRY ELEMENTS (KOHA)
Koha item type Journals
Holdings
Withdrawn status Lost status Damaged status Not for loan Home library Current library Shelving location Date acquired Serial Enumeration / chronology Koha item type
      Journals RRII Library RRII Library Rubber chemistry 17/12/2021 Volume 37, Issue 5 Journals